UBT Library

The root causes of biodiversity loss / (Record no. 43430)

000 -LEADER
fixed length control field 00889cam a22002897a 4500
001 - CONTROL NUMBER
control field 13016243
005 - DATE AND TIME OF LATEST TRANSACTION
control field 20180226044404.0
008 - FIXED-LENGTH DATA ELEMENTS--GENERAL INFORMATION
fixed length control field 021129s2000 enkab b 001 0 eng d
010 ## - LIBRARY OF CONGRESS CONTROL NUMBER
LC control number 2002726945
015 ## - NATIONAL BIBLIOGRAPHY NUMBER
National bibliography number GBA0-Y0894
020 ## - INTERNATIONAL STANDARD BOOK NUMBER
International Standard Book Number 1853836990
035 ## - SYSTEM CONTROL NUMBER
System control number (OCoLC)ocm43969026
040 ## - CATALOGING SOURCE
Original cataloging agency UKM
Transcribing agency UKM
Modifying agency C#P
-- AGL
-- WAU
-- KUT
-- DLC
041 ## - LANGUAGE CODE
Language code of text/sound track or separate title eng
042 ## - AUTHENTICATION CODE
Authentication code pcc
070 0# - NATIONAL AGRICULTURAL LIBRARY CALL NUMBER
Classification number GE140
Item number .R66 2000
072 #0 - SUBJECT CATEGORY CODE
Subject category code P000
080 ## - UNIVERSAL DECIMAL CLASSIFICATION NUMBER
Universal Decimal Classification number 333.95137 WOO
082 04 - DEWEY DECIMAL CLASSIFICATION NUMBER
Classification number 333.95137 WOO
Edition number 21
100 ## - Rafti
Rafti 11
101 ## - Shkurtesa
Shkurtesa BIO
245 04 - TITLE STATEMENT
Title The root causes of biodiversity loss /
Statement of responsibility, etc edited by Alexander Wood, Pamela Stedman-Edwards, and Johanna Mang.
504 ## - BIBLIOGRAPHY, ETC. NOTE
Bibliography, etc Includes bibliographical references (p. [378]-389) and index.
906 ## - LOCAL DATA ELEMENT F, LDF (RLIN)
a 7
b cbc
c copycat
d 2
e ncip
f 20
g y-gencatlg
942 ## - ADDED ENTRY ELEMENTS (KOHA)
Source of classification or shelving scheme
Item type Books
Holdings
Withdrawn status Lost status Source of classification or shelving scheme Damaged status Not for loan Collection code Permanent location Current location Shelving location Date acquired Total Checkouts Full call number Barcode Date last seen Price effective from Koha item type
          Koleksioni i përgjithshem UBT - Lipjan UBT - Lipjan Koleksioni i përgjithshem 02/26/2018   333.95137 WOO 002-2999499 02/26/2018 02/26/2018 Books
UBT Library © 2015-2024. All rights reserved University Education for Business and Technology